000
00331nam a2200133Ia 4500
008
191201s2012 xx 000 0 und d
100
_a
DESWAL, Anupama
245
0
_a
Introduction to biotechnology
250
_a
Rep
260
_c
2012
_b
Dhanpat Rai Pubns (P) Ltd
_a
N. delhi
300
_a
MISC
650
_a
APPLIED
942
_2
ddc
_c
BB
999
_c
7552
_d
7552